[Event "SVK-ch U12 Girls"]
[Site "Tatralandia"]
[Date "2024.04.12"]
[Round "7"]
[White "Mogyorosi, Beatrix"]
[Black "Laurincova, Timea"]
[Result "0-1"]
[WhiteElo "1000"]
[BlackElo "1040"]
[PlyCount "62"]
[EventDate "2024.04.05"]
[EventType "swiss"]
[EventRounds "7"]
[EventCountry "SVK"]
[SourceTitle "CB16_2024"]
[SourceDate "2024.04.17"]
[SourceVersion "1"]
[SourceVersionDate "2024.04.17"]
[SourceQuality "1"]

1. e4 c5 2. Nf3 Nc6 3. d4 cxd4 4. Nxd4 Nf6 5. Nc3 g6 6. Nf3 Bg7 7. Bc4 0-0 8. Bg5 d6 9. 0-0 Bd7 10. Qd2 Ng4 11. h3 Nge5 12. Nxe5 Nxe5 13. b3 Re8 14. Bd5 Bc6 15. Bxc6 Nxc6 16. Bh6 Bh8 17. Rad1 Qa5 18. Nd5 Qxd2 19. Rxd2 Rac8 20. c3 Nd8 21. c4 Ne6 22. Rfd1 a6 23. Nb6 Rc6 24. Nd5 Nc5 25. Re1 a5 26. Re3 e6 27. Rde2 exd5 28. exd5 Rxe3 29. Rxe3 Rc8 30. a3 Bg7 31. Bg5 Be5 0-1

[Event "SVK-ch U12 Girls"]
[Site "Tatralandia"]
[Date "2024.04.06"]
[Round "2"]
[White "Bulvasova, Natalia"]
[Black "Mogyorosi, Beatrix"]
[Result "0-1"]
[WhiteElo "1000"]
[BlackElo "1000"]
[PlyCount "44"]
[EventDate "2024.04.05"]
[EventType "swiss"]
[EventRounds "7"]
[EventCountry "SVK"]
[SourceTitle "CB16_2024"]
[SourceDate "2024.04.17"]
[SourceVersion "1"]
[SourceVersionDate "2024.04.17"]
[SourceQuality "1"]

1. e4 e5 2. Nf3 Nc6 3. Bc4 h6 4. 0-0 Nf6 5. Qe1 Bc5 6. Nc3 Nb4 7. Bb3 0-0 8. Nxe5 d6 9. Nd3 Nxd3 10. cxd3 d5 11. exd5 Bd6 12. h3 Qe7 13. Qd1 Re8 14. Ba4 Bd7 15. Nb5 Bxb5 16. Bxb5 Red8 17. Re1 Qf8 18. b3 Nxd5 19. Bc4 Re8 20. Rxe8 Rxe8 21. Bxd5 Qe7 22. Qf3 Qe1# 0-1